000 00683nam a2200241Ia 4500
003 OSt
005 20220918180808.0
006 a|||||r|||| 00| 0
007 ta
008 220917b |||||||| |||| 00| 0 eng d
024 _a24,187
037 _cTextual
040 _aARTS
_cARTS
_beng
041 _2eng
_aeng
082 _aO111:gM, M4
100 _aBogel Fredric V
_933099
245 0 _aLiterature and insubstantiality
_b in later eighteenth century England
260 _aPrinceton
_bPrinceton Univ Press
_c1984
300 _axi,226p.
_ccm.
650 _aENGLISH LITERATURE
942 _hO111:gM, M4
_cTEXL
_2CC
999 _c163167
_d163167